000 00632nam a22001697a 4500
005 20240311100256.0
008 130219b ch ||||| |||| 00| 0 chi d
020 _a9789866769313
020 _a 9866769313
100 _a朱韜樞 Chu, Titus
_9198
245 _a使徒行傳研讀 Shi tu xing chuan yan du (中) = A study of Acts (II) {ch} /
_c朱韜樞著
260 _a歸主出版 : 華宣發行, Xin bei shi :
_bGui zhu chu ban : Hua xuan fa xing ,
_c2012.
300 _a320 p. ;
_c22 cm.
490 _a讀經系列 Du jing xi lie;
_v17.
630 _aBible.
_pN.T.
_pActs.
_xStudy and teaching {ch}.
942 _2lcc
_cBK
_02
999 _c36021
_d36021